000 00724nam a2200253Ia 4500
003 OSt
005 20220918185324.0
006 a|||||r|||| 00| 0
007 ta
008 220917b |||||||| |||| 00| 0 eng d
024 _a50,648
037 _cTextual
040 _aARTS
_cARTS
_beng
041 _2eng
_aeng
082 _aP111944p2,N72, L8-;1
110 _aSeminar on Inadian English
_968675
245 0 _aPapers
_b Indian writing in English ed by Ramesh Mohan
260 _aBombay
_bOrient Longman
_c1978
300 _axviii, 260p.
_ccm.
650 _aLINGUISTICS
700 _aSeminar on Inadian English
_968676
942 _hP111944p2,N72, L8-;1
_cTEXL
_2CC
999 _c180244
_d180244